| 000 | 00436nam a22001577a 4500 | ||
|---|---|---|---|
| 005 | 20260316134054.0 | ||
| 008 | 260316b |||||||| |||| 00| 0 eng d | ||
| 020 | _a9789785764640 | ||
| 050 |
_aRA545 _b.F35 |
||
| 100 | _aFALEYE, OLUKAYODE A. | ||
| 245 | _aPLAGUE AND THE SOCIETY:COLONIAL LAY | ||
| 260 |
_aLAGOS _bUNIVERSITY OF LAGOS PRESS AND BOOKSHOP LTD _c2021 |
||
| 300 |
_aXII, 162p. _bILL. |
||
| 650 | _aPUBLIC HEALTH | ||
| 942 | _cBK | ||
| 999 |
_c4617 _d4617 |
||